Champion d'orthographe (Record no. 170130)

MARC details
000 -LEADER
campo de control de longitud fija 00724nam a2200181 i 4500
001 - NÚMERO DE CONTROL
campo de control 170130
003 - IDENTIFICADOR DE NÚMERO DE CONTROL
campo de control ES-MaACL
005 - FECHA Y HORA DE LA ÚLTIMA TRANSACCIÓN
campo de control 20230906214308.0
008 - DATOS DE LONGITUD FIJA--INFORMACIÓN GENERAL
campo de control de longitud fija 090204s1991 fr |||| | fre d
020 ## - NÚMERO INTERNACIONAL ESTÁNDAR DEL LIBRO
Número Internacional Estándar del Libro 2-86311-218-X
080 ## - NÚMERO DE LA CLASIFICACIÓN DECIMAL UNIVERSAL
Número de la Clasificación Decimal Universal 811.133.1'35
100 1# - ENTRADA PRINCIPAL--NOMBRE DE PERSONA
Nombre de persona Jacquenod, Raymond.
9 (RLIN) 139347
245 10 - MENCIÓN DEL TÍTULO
Título Champion d'orthographe
Resto del título : méthode totale permettant la réussite aux dictées les plus ardues ... suivie d'une discussion détaillée de la réforme de l'orthographe... /
Mención de responsabilidad, etc. Raymond Jacquenod.
260 ## - PUBLICACIÓN, DISTRIBUCIÓN, ETC.
Lugar de publicación, distribución, etc. Paris :
Nombre del editor, distribuidor, etc. Pierre Bordas & fils,
Fecha de publicación, distribución, etc. 1991.
300 ## - DESCRIPCIÓN FÍSICA
Extensión 144 p. ;
Dimensiones 28 cm.
650 #4 - PUNTO DE ACCESO ADICIONAL DE MATERIA--TÉRMINO DE MATERIA
Término de materia o nombre geográfico como elemento de entrada Lengua francesa-
Subdivisión general Ortografía.
9 (RLIN) 14227
852 4# - LOCALIZACIÓN
Ubicación ES-MaACL
Número de control de estantería E-12411
itemnumber R.140609
Nota libre . - Biblioteca Jacinto Martínez Lacalle
Holdings
Estatus retirado Estado de pérdida Estado de daño No para préstamo Biblioteca de origen Biblioteca actual Ubicación en estantería Fecha de adquisición Fuente de adquisición Total de préstamos Signatura topográfica completa Código de barras Visto por última vez Precio de reemplazo Tipo de ítem Koha
        Biblioteca del Ateneo de Madrid Biblioteca del Ateneo de Madrid Depósito 2 04/02/2009     E-12411 1178615 23/02/2023 23/02/2023 Libro impreso